ბათუმის შოთა რუსთაველის სახელმწიფო უნივერსიტეტის ბიბლიოთეკა

ადამიანი - მანიპულატორი : (ბიბ.ჩანაწერი № 51348)

000 -ლიდერი
ფიქსირებული სიგრძის საკონტროლო ველი 01141nam a2200253Ia 4500
001 - საკონტროლო ნომერი
საკონტროლო ველი 18328
003 - საკონტროლო ნომრის იდენტიფიკატორი
საკონტროლო ველი GE_BSU
005 - ბოლო ოპერაციის თარიღი და დრო
საკონტროლო ველი 20221129171348.0
008 - ფიქსირებული სიგრძის მონაცემთა ელემენტები - ზოგადი ინფორმაცია
ფიქსირებული სიგრძის საკონტროლო ველი 181216s2014||||ge |||||||||||||| ||geo||
020 ## - წიგნის საერთაშორისო სტანდარტული ნომერი
International Standard Book Number 9789941040603x
040 ## - კატალოგიზაციის წყარო
Transcribing agency GE_BSU
041 ## - ენის კოდი
Language code of text/sound track or separate title geo
080 ## - უნივერსალური ათობითი კლასიფიკაციის ინდექსი
Universal Decimal Classification number 159.9+316.6 შ-81
100 ## - მთავარი ჩანაწერი - პიროვნების სახელი
Personal name შოსტრომი, ე.
9 (RLIN) 16218
245 ## - ცნობა სათაურის შესახებ
Title ადამიანი - მანიპულატორი :
Remainder of title (ანტი - კარნეგი) /
Statement of responsibility, etc ევერეტ შოსტრომი ; მთარგმნელი მერი ნინიძე ; რედაქტორი ნიკა ქორიძე.
264 ## - წარმოების, გამოცემის, დისტრიბუციის და სხვა ცნობები
გამოცემის, წარმოების, დისტრიბუციის... ადგილი თბილისი :
გამოცემის, წარმოების, დისტრიბუციის... სახელწოდება პეგა,
გამოცემის, წარმოების, დისტრიბუციის... თარიღი 2014.
300 ## - ფიზიკური აღწერა
Extent 189 გვ.;
Other physical details 20 სმ.
653 ## - INDEX TERM--UNCONTROLLED
Uncontrolled term (ანტი-კარნეგი)
653 ## - INDEX TERM--UNCONTROLLED
Uncontrolled term ადამიანი-მანიპულატორი
653 ## - INDEX TERM--UNCONTROLLED
Uncontrolled term სოციალური ფსიქოლოგია.
700 ## - ADDED ENTRY--PERSONAL NAME
Personal name ნინიძე, მერი
Relator term მთარგმნელი
9 (RLIN) 16219
700 ## - ADDED ENTRY--PERSONAL NAME
Personal name ქორიძე, ნიკა
Relator term რედაქტორი
9 (RLIN) 16220
942 ## - ADDED ENTRY ELEMENTS (KOHA)
Koha item type წიგნი
Source of classification or shelving scheme
ეგზემპლარები
ჩამოწერის სტატუსი დაკარგული ეგზემპლარის სტატუსი კლასიფიკაციის წყარო ან თაროზე გაწყობის სქემა დაზიანების სტატუსი არ გაიცემა მუდმივი მდებარეობა (დაცვის ადგილი) ამჟამინდელი ადგილსამყოფელი თაროზე განთავსების ადგილი შეძენის თარიღი ღირებულება, შესყიდვის ნორმალური ფასი სრული შენახვის შიფრი შტრიხკოდი ბოლო ოპერაციის თარიღი ეგზემპლარის მიმდევრობითი ნომერი (კეტერი?) ფასის ძალაში შესვლის თარიღი ეგზემპლარის სახეობა საჯარო შენიშვნა
          ბათუმის შოთა რუსთაველის სახელმწიფო უნივერსიტეტის მთავარი ბიბლიოთეკა ბათუმის შოთა რუსთაველის სახელმწიფო უნივერსიტეტის მთავარი ბიბლიოთეკა წიგნსაცავი 2018-12-17 6.40 159.9+316.6 შ-81 46727 2018-12-17 46727 2018-12-17 წიგნი 6 ლ.40 თ.
          ბათუმის შოთა რუსთაველის სახელმწიფო უნივერსიტეტის მთავარი ბიბლიოთეკა ბათუმის შოთა რუსთაველის სახელმწიფო უნივერსიტეტის მთავარი ბიბლიოთეკა წიგნსაცავი 2018-12-17 6.40 159.9+316.6 შ-81 46728 2018-12-17 46728 2018-12-17 წიგნი 6 ლ.40 თ.
          ბათუმის შოთა რუსთაველის სახელმწიფო უნივერსიტეტის მთავარი ბიბლიოთეკა ბათუმის შოთა რუსთაველის სახელმწიფო უნივერსიტეტის მთავარი ბიბლიოთეკა წიგნსაცავი 2018-12-17 5.84 159.9+316.6 შ-81 54529 2018-12-17   2018-12-17 წიგნი 5 ლ.84 თ.